completer les paroles Disney - Statistiques

Statistiques générales
  • Ce quiz a été pris 888 fois
  • Le résultat moyen est 6 sur 15
Statistiques - réponses
Hint Réponse % Correct
l'hiver s'installe... doucement dans la nuit
88%
attaquons l'exercice... pour défaire les huns
67%
rêves ta vie en couleurs... c'est le secret du bonheur
62%
s'il y'a un prix... pour manque de jugement
53%
je vais ouvrir tes yeux... aux délices et aux merveilles
50%
7 heures je me reveille... et dehors il fait claire
50%
je voudrais lui dire je t'aime... mais comment lui avouer
47%
femme humaine, femme sirène... j'ai fait mon choix
45%
si je rencontre des montagnes... je les soulève
40%
j'étais seul dans ces longs couloirs... il n'y'avait pas de bal le soir
39%
mon amour je t'ai vu... au beau milieu d'un rêve
37%
le rêve d'une vie... c'est l'amour
37%
y'a quelques choses dans son regard... d'un peu fragile et de léger comme un espoir
17%
quand le vent se lève... et m'appelle
12%
les cloches sonneront... l'union de nos coeurs
2%
Aucun quiz correspondant
Distribution des résultats
% des personnes avec chaque résultat
Percentile par nombre de réponses
Votre historique - résultats
Vous n’avez pas pris ce quiz